| 000 | 00435nam a2200169 a 4500 | ||
|---|---|---|---|
| 001 | 0000-8838 | ||
| 003 | ELIB.Books | ||
| 008 | 110520 1976 | ||
| 035 | _a(ELIB.Books)0000-8984 | ||
| 082 |
_a230 _bStr |
||
| 100 | _aStrolz, Walter | ||
| 245 | _aThree Ways to the one God | ||
| 260 |
_bNew York: The Crossroad Publishing Company _c1976 |
||
| 650 | _aTheology | ||
| 942 |
_2ddc _cBK |
||
| 998 |
_cbat _e2011-05-20 |
||
| 999 |
_c8838 _d8838 |
||